Lógica dinámica: nociones teóricas y ejercicios de lógica tradicional y simbólica

-д хадгалсан:
Номзүйн дэлгэрэнгүй
Үндсэн зохиолч: Barreiro de Nudler, Telma (Зохиогч)
Формат: Ном
Хэл сонгох:испани
Хэвлэсэн: Buenos Aires Kapelusz 1975
Хэвлэл:1a. ed
Нөхцлүүд:
Шошгууд: Шошго нэмэх
Шошго байхгүй, Энэхүү баримтыг шошголох эхний хүн болох!

MARC

LEADER 00000nam a2200000 a 4500
001 UCH6099
003 CL-VaPUC
008 091109e19750000AG |||||||||||||||||spa|d
082 0 4 |a 160  |b BAR  |2 21 
100 0 |a Barreiro de Nudler, Telma  |e author  |9 542481 
245 1 0 |a Lógica dinámica: nociones teóricas y ejercicios de lógica tradicional y simbólica 
250 |a 1a. ed 
300 |a 183 p 
942 |c BK 
945 |d 20091109 00:00:00  |a ccalabra 
260 |a Buenos Aires  |b Kapelusz  |c 1975 
650 0 |a Filosofía   |9 223554 
650 0 |a Ciencias matemáticas   |9 354013 
650 0 |a Razonamiento  |9 256520 
650 0 |a Razonamiento deductivo  |9 383067 
650 0 |a Silogismos  |9 342142 
650 0 |a Educación  |9 258661 
583 |a last modification  |c 20091109 00:00:00  |k Rodrigo Vera 
999 |c 337059  |d 337057